|
|
|
|
| LEADER |
00852cam a2200229 7i4500 |
| 001 |
0000050408 |
| 005 |
20170218090000.0 |
| 020 |
|
|
|a 9781452257501 (pbk.)
|
| 090 |
0 |
0 |
|a HD62.4
|b .T25 2015
|
| 100 |
1 |
|
|a Thomas, David C
|
| 245 |
1 |
0 |
|a Cross-cultural management :
|b essential concepts
|c David C. Thomas, Mark F. Peterson.
|
| 250 |
|
|
|a 3rd ed.
|
| 260 |
|
|
|a Thousand Oaks, California:
|b Sage Publications, Inc.,
|c 2015.
|
| 300 |
|
|
|a xx, 323 p.:
|b il.;
|c 23 cm.
|
| 504 |
|
|
|a Includes bibliographical references and index
|
| 650 |
0 |
0 |
|a International business enterprises --
|x Management
|
| 650 |
0 |
0 |
|a Management
|
| 650 |
0 |
0 |
|a International business enterprises --
|x Management
|
| 650 |
|
0 |
|a Communication in management
|
| 700 |
1 |
|
|a Peterson, Mark F
|
| 997 |
|
|
|a Business & Accountancy, Faculty
|
| 999 |
|
|
|a 0000059065
|b BOK
|c OPEN SHELF
|e 1st Floor, Shah Alam
|